Billboard Hot 100 Year-End Singles of 2016 - Statistics

General Stats
  • This quiz has been taken 1,432 times
  • The average score is 58 of 100
Answer Stats
# Song Artist % Correct
1 Love Yourself Justin Bieber
98%
2 Sorry Justin Bieber
98%
31 What Do You Mean? Justin Bieber
98%
7 Hello Adele
96%
26 Send My Love (To Your New Lover) Adele
96%
83 When We Were Young Adele
96%
24 Hotline Bling Drake
96%
41 Controlla Drake
96%
29 Too Good Drake featuring Rihanna
96%
82 Pop Style Drake featuring The Throne
96%
3 One Dance Drake featuring WizKid & Kyla
96%
37 Jumpman Drake & Future
96%
32 The Hills The Weeknd
94%
61 In The Night The Weeknd
94%
72 Can't Feel My Face The Weeknd
94%
58 Starboy The Weeknd featuring Daft Punk
94%
9 Can't Stop The Feeling! Justin Timberlake
91%
13 Needed Me Rihanna
91%
4 Work Rihanna featuring Drake
91%
11 Cheap Thrills Sia featuring Sean Paul
91%
36 Dangerous Woman Ariana Grande
89%
51 Into You Ariana Grande
89%
77 Side To Side Ariana Grande featuring Nicki Minaj
89%
23 Stitches Shawn Mendes
87%
28 Treat You Better Shawn Mendes
87%
86 I Know What You Did Last Summer Shawn Mendes & Camila Cabello
87%
5 Stressed Out twenty one pilots
87%
20 Ride twenty one pilots
87%
21 Heathens twenty one pilots
87%
8 Don't Let Me Down The Chainsmokers featuring Daya
86%
10 Closer The Chainsmokers featuring Halsey
86%
27 Roses The Chainsmokers featuring ROZES
86%
43 One Call Away Charlie Puth
82%
50 We Don't Talk Anymore Charlie Puth featuring Selena Gomez
82%
68 Sucker For Pain Lil Wayne, Wiz Khalifa & Imagine Dragons with Logic & Ty Dolla $ign featuring X Ambassadors
79%
22 Pillowtalk Zayn
79%
40 Same Old Love Selena Gomez
77%
56 Hands To Myself Selena Gomez
77%
93 All In My Head (Flex) Fifth Harmony featuring Fetty Wap
76%
16 Work From Home Fifth Harmony featuring Ty Dolla $ign
76%
79 Wildest Dreams Taylor Swift
74%
99 See You Again Wiz Khalifa featuring Charlie Puth
73%
18 Cake By The Ocean DNCE
71%
17 This Is What You Came For Calvin Harris featuring Rihanna
70%
12 7 Years Lukas Graham
70%
14 My House Flo Rida
68%
73 Hymn For The Weekend Coldplay
67%
95 Adventure Of A Lifetime Coldplay
67%
45 No Meghan Trainor
64%
62 Me Too Meghan Trainor
64%
42 Like I'm Gonna Lose You Meghan Trainor featuring John Legend
64%
6 Panda Desiigner
62%
98 Tiimmy Turner Desiigner
62%
85 Lean On Major Lazer & DJ Snake featuring MO
61%
25 Cold Water Major Lazer featuring Justin Bieber & MO
61%
15 I Took A Pill In Ibiza Mike Posner
61%
33 Just Like Fire P!nk
58%
19 Me, Myself & I G-Eazy & Bebe Rexha
54%
80 Middle DJ Snake featuring Bipolar Sunshine
48%
47 Let Me Love You DJ Snake featuring Justin Bieber
48%
65 White Iverson Post Malone
44%
63 Ex's & Oh's Elle King
42%
39 Here Alessia Cara
40%
78 Sit Still, Look Pretty Daya
38%
84 Hide Away Daya
38%
54 679 Fetty Wap featuring Remy Boyz
38%
71 Sorry Beyoncé
37%
46 Never Forget You Zara Larsson & MNEK
35%
38 I Hate U I Love U gnash featuring Olivia O'Brien
34%
88 Watch Me Silentó
34%
94 Starving Hailee Steinfeld & Grey featuring Zedd
33%
75 Antidote Travis Scott
31%
66 Close Nick Jonas featuring Tove Lo
30%
100 Perfect One Direction
30%
81 On My Mind Ellie Goulding
29%
97 Wicked Future
29%
30 Low Life Future featuring The Weeknd
29%
34 Broccoli D.R.A.M. featuring Lil Yachty
27%
76 Lost Boy Ruth B
27%
67 Unsteady X Ambassadors
25%
57 2 Phones Kevin Gates
23%
92 Really Really Kevin Gates
23%
87 All The Way Up Fat Joe, Remy Ma & Jay Z featuring French Montana & Infared
22%
49 H.O.L.Y. Florida Georgia Line
21%
35 Don't Bryson Tiller
20%
53 Exchange Bryson Tiller
20%
90 No Limit Usher featuring Young Thug
20%
59 For Free DJ Khaled featuring Drake
19%
52 Gold Kiiara
18%
89 Back To Sleep Chris Brown
17%
44 Let It Go James Bay
17%
60 Never Be Like You Flume featuring Kai
16%
55 Oui Jeremih
16%
64 Die A Happy Man Thomas Rhett
16%
70 Luv Tory Lanez
13%
74 Say It Tory Lanez
13%
69 Down In The DM Yo Gotti featuring Nicki Minaj
13%
96 Humble And Kind Tim McGraw
12%
48 Don't Mind Kent Jones
11%
91 Cut It O.T. Genasis featuring Young Dolph
9%
No matching quizzes found
Score Distribution
Percent of People with Each Score
Percentile by Number Answered
Your Score History
You have not taken this quiz